Healing the culture : (Registro nro. 67317)
[ vista simple ]
| 000 -LEADER | |
|---|---|
| fixed length control field | 01029nam a2200325 u 4500 |
| 001 - CONTROL NUMBER | |
| control field | 67317 |
| 005 - DATE AND TIME OF LATEST TRANSACTION | |
| control field | 20240918091348.0 |
| 008 - FIXED-LENGTH DATA ELEMENTS--GENERAL INFORMATION | |
| fixed length control field | 170511s2000 cau r 000 0 eng d |
| 020 ## - INTERNATIONAL STANDARD BOOK NUMBER | |
| International Standard Book Number | 9780898707861 |
| 040 ## - CATALOGING SOURCE | |
| Description conventions | rda |
| 041 0# - LANGUAGE CODE | |
| Language code of text/sound track or separate title | eng |
| 082 0# - DEWEY DECIMAL CLASSIFICATION NUMBER | |
| Classification number | 179.7 |
| Item number | SPI |
| 100 1# - MAIN ENTRY--PERSONAL NAME | |
| Personal name | Spitzer, Robert J., |
| Dates associated with a name | 1952- |
| Relator term | autor |
| 9 (RLIN) | 4401 |
| 245 10 - TITLE STATEMENT | |
| Title | Healing the culture : |
| Remainder of title | a commonsense philosophy of happiness, freedom, and the life issues / |
| Statement of responsibility, etc. | by Robert J. Spitzer, Robin A. Bernhoft, Camille E. De Blasi. |
| 250 ## - EDITION STATEMENT | |
| Edition statement | [First edition] |
| 264 #1 - PRODUCTION, PUBLICATION, DISTRIBUTION, MANUFACTURE, AND COPYRIGHT NOTICE | |
| Place of production, publication, distribution, manufacture | San Francisco : |
| Name of producer, publisher, distributor, manufacturer | Ignatius Press, |
| Date of production, publication, distribution, manufacture, or copyright notice | 2000 |
| 300 ## - PHYSICAL DESCRIPTION | |
| Extent | 347 páginas ; |
| Dimensions | 23 cm. |
| 336 ## - CONTENT TYPE | |
| Content type term | texto |
| Source | rdacontent |
| Content type code | txt |
| 337 ## - MEDIA TYPE | |
| Media type term | sin medio |
| Source | rdamedia |
| Media type code | n |
| 338 ## - CARRIER TYPE | |
| Carrier type term | volumen |
| Source | rdacarrier |
| Carrier type code | nc |
| 650 #4 - SUBJECT ADDED ENTRY--TOPICAL TERM | |
| Topical term or geographic name entry element | Felicidad |
| 650 #4 - SUBJECT ADDED ENTRY--TOPICAL TERM | |
| Topical term or geographic name entry element | Contentamiento |
| 650 #4 - SUBJECT ADDED ENTRY--TOPICAL TERM | |
| Topical term or geographic name entry element | Calidad de vida |
| 650 #4 - SUBJECT ADDED ENTRY--TOPICAL TERM | |
| Topical term or geographic name entry element | Ética |
| 650 #4 - SUBJECT ADDED ENTRY--TOPICAL TERM | |
| Topical term or geographic name entry element | Aborto |
| 650 #4 - SUBJECT ADDED ENTRY--TOPICAL TERM | |
| Topical term or geographic name entry element | Eutanasia |
| 700 1# - ADDED ENTRY--PERSONAL NAME | |
| Personal name | Bernhoft, Robin A., |
| Relator term | autor |
| 700 1# - ADDED ENTRY--PERSONAL NAME | |
| Personal name | Blasi, Camille E. De, |
| Relator term | autor |
| 942 ## - ADDED ENTRY ELEMENTS (KOHA) | |
| Classification part | 179.7 |
| Item part | SPI |
| Koha item type | Libro |
| Withdrawn status | Lost status | Source of classification or shelving scheme | Damaged status | Not for loan | Collection code | Home library | Current library | Shelving location | Date acquired | Source of acquisition | Total Checkouts | Full call number | Barcode | Checked out | Date last seen | Date last checked out | Price effective from | Koha item type |
|---|---|---|---|---|---|---|---|---|---|---|---|---|---|---|---|---|---|---|
| Dewey Decimal Classification | Magisterial | Biblioteca Karol Wojtyla | Biblioteca Karol Wojtyla | Módulo de circulación | 11/05/2017 | Compra | 1 | 179.7 SPI 2000 | 97655 | 23/08/2017 | 23/08/2017 | 23/08/2017 | 14/06/2017 | Magisterial |